• 首页
  • 本馆介绍
  • 公告通知
  • 最新文献
  • 馆藏检索
  • 电子资源
  • 读者导购
  • 参考咨询
  • 我的图书馆
  • 登录
  • 详细信息显示
  • 放入我的书架
  • 预约/预借图书
  • 作者相关作品
  • 分类相关作品
  • 丛书相关作品
  • 出版社相关作品

书目信息

  • 表格格式
  • 工作单格式
  • 卡片格式
题名:
“互联网+”环境下图书馆的发展与管理探究
    
 
作者: 张欣 著
分册:  
出版信息: 长春   吉林科学技术出版社  2020.03
页数: 239页
开本: 24cm
丛书名:
单 册:
中图分类: G250.1 , G251
科图分类:
主题词: 图书馆发展--tu shu guan fa zhan--研究 , 图书馆管理--tu shu guan guan li--研究
电子资源:
ISBN: 978-7-5578-6104-9
000 00931nam0 2200253 450
001 0109110111
005 20201109110335.0
010    @a978-7-5578-6104-9@dCNY80.00
100    @a20200513d2020 em y0chiy50 ea
101 0  @achi
102    @aCN@b220000
105    @aa z 000yy
106    @ar
200 1  @a“互联网+”环境下图书馆的发展与管理探究@A“ hu lian wang +” huan jing xia tu shu guan de fa zhan yu guan li tan jiu@f张欣著
210    @a长春@c吉林科学技术出版社@d2020.03
215    @a239页@c图@d24cm
330    @a本书分八章,内容包括:“互联网+”的基本认知;“互联网+”环境下的图书馆发展;“互联网+”环境下的移动数字图书馆建设;“互联网+”环境下的图书馆服务等。
606 0  @a图书馆发展@Atu shu guan fa zhan@x研究
606 0  @a图书馆管理@Atu shu guan guan li@x研究
690    @aG250.1@v5
690    @aG251@v5
701  0 @a张欣@Azhang xin@4著
801  0 @aCN@bBJSZM@c20201103
905    @b1266888-91@dG250.1@e166@f4
    
    “互联网+”环境下图书馆的发展与管理探究/张欣著.-长春:吉林科学技术出版社,2020.03
    239页:图;24cm
    
    
    ISBN 978-7-5578-6104-9:CNY80.00
    本书分八章,内容包括:“互联网+”的基本认知;“互联网+”环境下的图书馆发展;“互联网+”环境下的移动数字图书馆建设;“互联网+”环境下的图书馆服务等。
●
相关链接 在E读中查询图书 在五车中查询图书 在当当中查询图书 在豆瓣中查询图书


正题名:"互联网+"环境下图书馆的发展与管理探究     索取号:G250.1/166         预约/预借

序号 登录号 条形码 馆藏地/架位号 状态 备注
1 1266888   212668889   第一样本阅览室/ [索取号:G250.1/166] 在馆    
2 1266889   212668898   教育系资料室/ [索取号:G250.1/166] 在馆    
3 1266890   212668905   教育系资料室/ [索取号:G250.1/166] 在馆    
4 1266891   212668914   第四借阅区/ [索取号:G250.1/166] 在馆    
唐山师范学院图书馆 欢迎您!
大连网信软件有限公司© 版权所有